|
|
|
|
| LEADER |
00788nab a2200217 i 4500 |
| 001 |
publ24085 |
| 005 |
20220414082224.0 |
| 008 |
220414s2018 hu o 0|| Magyar d |
| 022 |
|
|
|a 2063-9945
|
| 024 |
7 |
|
|a 10.31074/gyn20182517
|2 doi
|
| 024 |
7 |
|
|a 3404939
|2 mtmt
|
| 040 |
|
|
|a SZTE Publicatio Repozitórium
|b hun
|
| 041 |
|
|
|a Magyar
|
| 100 |
2 |
|
|a Gévayné Janurik Márta
|
| 245 |
1 |
3 |
|a Az iskolai zenetanulás iránti motivációt alakító néhány tényező
|h [elektronikus dokumentum] /
|c Gévayné Janurik Márta
|
| 260 |
|
|
|c 2018
|
| 300 |
|
|
|a 5-17
|
| 490 |
0 |
|
|a GYERMEKNEVELÉS: ONLINE TUDOMÁNYOS FOLYÓIRAT
|v 6 No. 2
|
| 650 |
|
4 |
|a Oktatástudomány
|
| 700 |
0 |
1 |
|a Józsa Krisztián
|e aut
|
| 856 |
4 |
0 |
|u http://publicatio.bibl.u-szeged.hu/24085/1/iskolaizenetanulas_2018.pdf
|z Dokumentum-elérés
|